Score 0/32 Timer 08:00
8 Plays Today
Question Answer Wrong Answers
Detroit Lions
15,269 Yards
Barry Sanders
98%
Billy Sims
1%
Dexter Bussey
0.4%
Altie Taylor
0.3%
Dallas Cowboys
17,162 Yards
Emmitt Smith
97.7%
Tony Dorsett
1.3%
Don Perkins
0.3%
Ezekiel Elliott
0.6%
Chicago Bears
16,726 Yards
Walter Payton
97.2%
Matt Forte
1.8%
Neal Anderson
0.5%
Rick Casares
0.3%
Los Angeles Chargers
12,490 Yards
LaDanian Tomlinson
97%
Paul Lowe
0.5%
Marion Butts
0.9%
Melvin Gordon
1.1%
Cleveland Browns
12,312 Yards
Jim Brown
96.9%
Leroy Kelly
0.8%
Mike Pruitt
0.9%
Greg Pruitt
0.7%
Minnesota Vikings
11,747 Yards
Adrian Peterson
93.9%
Robert Smith
2.4%
Chuck Foreman
1.6%
Bill Brown
0.5%
Las Vegas Raiders
8,545 Yards
Marcus Allen
91.9%
Mark van Eeghen
1.7%
Clem Daniels
1.3%
Napoleon Kaufman
1.7%
Houston Texans
6,472 Yards
Arian Foster
88.1%
Domanick Williams
2.4%
Alfred Miller
2.4%
Lamar Blue
2.3%
Denver Broncos
7,607 Yards
Terrell Davis
86.9%
Floyd Little
4.6%
Sammy Winder
1.5%
Otis Armstrong
2.9%
New York Jets
10,302 Yards
Curtis Martin
85.5%
Freeman McNeil
5%
Emerson Boozer
3.4%
Matt Snell
3.7%
New York Giants
10,449 Yards
Tiki Barber
84.6%
Rodney Hampton
3.3%
Joe Morris
5.8%
Brandon Jacobs
4.1%
San Francisco 49ers
11,073 Yards
Frank Gore
81.1%
Joe Perry
2.5%
Roger Craig
13.8%
Ken Willard
0.7%
Cincinnati Bengals
8,061 Yards
Corey Dillon
72.3%
James Brooks
9.2%
Rudi Johnson
8.6%
Pete Johnson
6.2%
Arizona Cardinals
7,999 Yards
Ottis Anderson
70.6%
Stump Mitchell
5%
Jim Otis
17.4%
Johnny Roland
3.1%
Indianapolis Colts
9,226 Yards
Edgerrin James
68.5%
Lydell Mitchell
1.5%
Marshall Faulk
15.2%
Eric Dickerson
11.7%
Green Bay Packers
8,322 Yards
Ahman Green
68.2%
Jim Taylor
23.4%
John Brockington
2.9%
Tony Canadeo
1.9%
Baltimore Ravens
7,801 Yards
Jamal Lewis
66.2%
Ray Rice
21.2%
Willis McGahee
4.8%
Priest Holmes
4%
Seattle Seahawks
9,429 Yards
Shaun Alexander
65.5%
Chris Warren
1.4%
Curt Warner
3.7%
Marshawn Lynch
26.5%
New Orleans Saints
6,096 Yards
Deuce McAllister
61.4%
George Rogers
7.4%
Dalton Hilliard
2.6%
Mark Ingram
23.7%
Jacksonville Jaguars
11,271 Yards
Fred Taylor
60.6%
Maurice Jones-Drew
32.2%
James Stewart
3.1%
Leonard Fournette
2.3%
Tennessee Titans
10,009 Yards
Eddie George
60.6%
Earl Campbell
21.6%
Chris Johnson
13.8%
Lorenzo White
1.3%
Philadelphia Eagles
6,792 Yards
LeSean McCoy
55.3%
Wilbert Montgomery
7.8%
Brian Westbrook
29.6%
Steve Van Buren
2.9%
Washington Redskins
7,472 Yards
John Riggins
44.8%
Clinton Portis
40.6%
Larry Brown
4.8%
Stephen Davis
5.7%
Buffalo Bills
11,938 Yards
Thurman Thomas
44.7%
O.J. Simpson
49.3%
Fred Jackson
4%
Joe Cribbs
0.7%
Miami Dolphins
6,737 Yards
Larry Csonka
43.6%
Ricky Williams
38.8%
Ronnie Brown
8%
Mercury Morris
5%
Kansas City Chiefs
7,260 Yards
Jamaal Charles
40.2%
Priest Holmes
31.3%
Larry Johnson
18.8%
Christian Okoye
5.4%
Carolina Panthers
7,318 Yards
Jonathan Stewart
39.1%
DeAngelo Williams
41.9%
Cam Newton
8%
DeShaun Foster
6.8%
Pittsburgh Steelers
11,950 Yards
Franco Harris
37.3%
Jerome Bettis
59.5%
Willie Parker
1.6%
John Henry Johnson
0.7%
New England Patriots
5,453 Yards
Sam Cunningham
22.6%
Jim Nance
14.4%
Tony Collins
12.4%
Curtis Martin
45.6%
Los Angeles Rams
10,138 Yards
Steven Jackson
17.4%
Eric Dickerson
49.1%
Marshall Faulk
30.2%
Lawrence McCutcheon
0.9%
Atlanta Falcons
6,631 Yards
Gerald Riggs
16.8%
Michael Turner
29.8%
William Andrews
6.2%
Warrick Dunn
42.5%
Tampa Bay Buccaneers
5,957 Yards
James Wilder
12.2%
Mike Alstott
14%
Warrick Dunn
48.8%
Doug Martin
20%

You're not logged in!

Compare scores with friends on all Sporcle quizzes.
OR
Log In

Sporcle TV

Today on Sporcle TV


Watch our educational content, quiz creation guides, and fun videos on Sporcle TV.

Show Comments

Extras

Top Quizzes Today


Score Distribution

Paid Content

Your Account Isn't Verified!

In order to create a playlist on Sporcle, you need to verify the email address you used during registration. Go to your Sporcle Settings to finish the process.

Report this User

Report this user for behavior that violates our Community Guidelines.

Details: